| 000 | 01007cab a2200361 4500 | ||
|---|---|---|---|
| 001 | ABS51717 | ||
| 008 | 090401t1994 xxu||||| |||| 00| 0 eng d | ||
| 035 | _a(Sirsi) u41492 | ||
| 041 | _aeng | ||
| 245 | _aEstates Times survey: M40 corridor | ||
| 260 | _c1994 | ||
| 350 | _a0 | ||
| 490 |
_aEstates Times _v(1259) 25 November 1994, 11-24(14) |
||
| 650 | _aBANBURY | ||
| 650 | _aHIGH WYCOMBE | ||
| 650 | _aINDUSTRIAL MARKET | ||
| 650 |
_aInfrastructure _96246 |
||
| 650 | _aLEAMINGTON SPA | ||
| 650 | _aM40 CORRIDOR | ||
| 650 | _aPROPERTY-COMMERCIAL PROPERTY-OFFICE PROPERTY-OFFICE PROPERTY MARKET | ||
| 650 | _aOXFORD | ||
| 650 | _aPARK ROYAL | ||
| 650 | _aREDDITCH | ||
| 650 | _aPROPERTY-COMMERCIAL PROPERTY-RETAIL PROPERTY-RETAIL PROPERTY MARKET | ||
| 650 | _aSOLIHULL | ||
| 650 | _aUXBRIDGE | ||
| 650 | _aWARWICK | ||
| 650 | _aWARWICKSHIRE | ||
| 650 | _aWATFORD | ||
| 690 | _aPROPERTY-COMMERCIAL PROPERTY-COMMERCIAL PROPERTY MARKET | ||
| 942 | _n0 | ||
| 948 | _c04/03/1997 | ||
| 999 |
_c26647 _d26647 |
||